[Event "St Mandrier IDF-ch"]
[Site "St Mandrier"]
[Date "2012.04.05"]
[Round "6"]
[White "Dean, Pietro"]
[Black "Gillet, Richard"]
[Result "0-1"]
[WhiteElo "1475"]
[BlackElo "2061"]
[PlyCount "104"]
[EventDate "2012.04.03"]
[EventType "swiss"]
[EventRounds "6"]
[EventCountry "FRA"]
[SourceTitle "EXT 2014"]
[Source "ChessBase"]
[SourceDate "2013.11.20"]
[SourceVersion "1"]
[SourceVersionDate "2013.11.20"]
[SourceQuality "1"]

1. d4 Nf6 2. c4 e6 3. Nc3 c5 4. e3 d5 5. Nf3 cxd4 6. exd4 Bb4 7. a3 Bxc3+ 8. bxc3 0-0 9. Be2 dxc4 10. Bxc4 Qc7 11. Qb3 Nc6 12. Qc2 e5 13. Be3 exd4 14. cxd4 Bg4 15. Be2 Rac8 16. 0-0 Nxd4 17. Nxd4 Qxc2 18. Nxc2 Bxe2 19. Rfc1 b6 20. Nd4 Bc4 21. a4 Nd5 22. Nf5 Rfd8 23. a5 g6 24. Nh6+ Kg7 25. Ng4 Nxe3 26. Nxe3 Bd3 27. axb6 axb6 28. Rxc8 Rxc8 29. f4 b5 30. Kf2 Be4 31. g3 Rc3 32. Ra2 b4 33. Ke2 Rb3 34. Kd2 Rb1 35. Nd1 Bf3 36. Nf2 b3 37. Ra3 Rb2+ 38. Ke1 Bd5 39. Ra1 Be6 40. Ra6 Ra2 41. Rb6 b2 42. Nd1 b1Q 43. Rxb1 Rxh2 44. Rb2 Rh1+ 45. Kd2 Rg1 46. Ne3 Rxg3 47. Ke2 Rh3 48. Kd3 Rh1 49. Kd4 h5 50. Rb5 Re1 51. Re5 Ra1 52. Rxe6 fxe6 0-1

[Event "Massy op"]
[Site "Massy"]
[Date "2010.06.??"]
[Round "?"]
[White "Dean, Pietro"]
[Black "Bagoe, Stephen"]
[Result "0-1"]
[WhiteElo "1479"]
[BlackElo "1703"]
[PlyCount "80"]
[EventDate "2010.06.??"]
[EventType "swiss"]
[EventRounds "7"]
[EventCountry "FRA"]
[SourceTitle "EXT 2011"]
[Source "ChessBase"]
[SourceDate "2010.11.26"]
[SourceVersion "1"]
[SourceVersionDate "2010.11.26"]
[SourceQuality "1"]

1. e4 e6 2. d4 d5 3. exd5 exd5 4. Bd3 c5 5. c3 c4 6. Bc2 Bd6 7. Ne2 Nf6 8. Bg5 h6 9. Bh4 Bg4 10. 0-0 Nbd7 11. f3 Be6 12. Bg3 Qc7 13. Bxd6 Qxd6 14. Qc1 g5 15. Ng3 0-0-0 16. a4 Rdg8 17. Nf5 Bxf5 18. Bxf5 h5 19. Na3 a6 20. Nc2 g4 21. Bxd7+ Nxd7 22. f4 Re8 23. Ne3 Nf6 24. Nf5 Qd7 25. Nh4 Re7 26. Qc2 Ne4 27. Rae1 Rhe8 28. g3 Qe6 29. Ng2 Qd7 30. f5 Nf6 31. Rxe7 Rxe7 32. b4 Qe8 33. a5 Re2 34. Qd1 Qe4 35. Nh4 Qe3+ 36. Kh1 Ne4 37. Ng2 Nf2+ 38. Kg1 Nh3+ 39. Kh1 Qg1+ 40. Rxg1 Nf2# 0-1